| 000 | 00000nam##2200000za#4500 |
| 001 | 9.641053 |
| 003 | CaOODSP |
| 005 | 20250506145323 |
| 007 | cr ||||||||||| |
| 008 | 150407|1993||||xxc|||||o f|0| 0 fre|d |
| 040 | |aCaOODSP|bfre |
| 043 | |an-cn--- |
| 086 | 1 |aA53-1888/1993F-PDF |
| 110 | 1 |aCanada.|bAgriculture Canada. |
| 245 | 10|aAvoine nue - production et alimentation animale / |h[ressource électronique]|c[par] V. D. Burrows ... [et al.]. |
| 260 | |aOttawa - Ontario : |bAgriculture Canada |cc1993. |
| 300 | |a24p.|bfigures, tableaux |
| 500 | |aPublication historique numérisée par Agriculture et Agroalimentaire Canada. Le n° de catalogue (A53-1888/1993F) et l'ISBN (0-662-97996-6) de l'édition imprimée ont été copiés dans l'édition électronique. |
| 590 | |a12-43-Supp|b2012-12-07 |
| 691 | 07|aAlimentation animale|2gcpds |
| 691 | 07|aAvoine|2gcpds |
| 691 | 07|aProduction|2gcpds |
| 775 | 08|tProduction and feeding of naked oat / |w(CaOODSP)9.696979 |
| 776 | 0#|tAvoine nue: production et alimentation animale / |w(CaOODSP)9.678472 |
| 856 | 40|ahttp://publications.gc.ca|qPDF|s1.39 Mo|uhttps://publications.gc.ca/collections/collection_2012/agr/A53-1888-1993-fra.pdf |
| 986 | |aPublication 1888F |